000 00605nam a2200169 a 4500
001 000041946
005 20201002035839.0
008 131023s1986 sp 000 0 spa d
020 _a8400064151
040 _aDO-SdBNP
_bspa
_cBNPHU
082 _axxxx
_bxxxx
100 1 _aHilton, Sylvia L.
_968863
245 1 0 _aWashington Irving: un Romantico entre Europa y América. :
_bintroducción y bibliografía general /
_cSylvia L. Hilton.
260 _aMadrid, :
_bCSIC
_bCentro de Estudios Históricos,
_c1986.
300 _ax, 168 p. ;
_c21 cm.
710 2 _aConsejo Superior de Investigaciones Científicas
_94786
999 _c41435
_d41435